[Event "SVK-chT1W 1516"]
[Site "Slovakia"]
[Date "2015.10.24"]
[Round "1.4"]
[White "Obona, Jan"]
[Black "Berczes, Csaba"]
[Result "0-1"]
[WhiteElo "2215"]
[BlackElo "2361"]
[PlyCount "66"]
[EventDate "2015.10.24"]
[EventType "team-tourn"]
[EventRounds "11"]
[EventCountry "SVK"]
[SourceTitle "CBM 170 Extra"]
[Source "ChessBase"]
[SourceDate "2016.02.25"]
[SourceVersion "1"]
[SourceVersionDate "2016.02.25"]
[SourceQuality "1"]
[WhiteTeam "Povazska Bystrica"]
[BlackTeam "Gabcikovo"]
[WhiteTeamCountry "SVK"]
[BlackTeamCountry "SVK"]

1. Nf3 Nf6 2. c4 e6 3. g3 b6 4. Bg2 Bb7 5. Nc3 c5 6. 0-0 Be7 7. d3 0-0 8. Bd2 d5 9. cxd5 exd5 10. d4 Na6 11. Rc1 Nc7 12. Bg5 c4 13. a4 a6 14. Bxf6 Bxf6 15. e4 dxe4 16. Ne5 Bg5 17. Rc2 f5 18. Nxc4 b5 19. Nb6 Rb8 20. a5 Qd6 21. Qb1 Ne6 22. Ne2 Bd8 23. Rd1 Bxb6 24. axb6 Bd5 25. b4 Rxb6 26. Rc5 Bc4 27. Nf4 Nxf4 28. gxf4 Qxf4 29. Qc1 Qxc1 30. Rxc1 Rd6 31. Bf1 Rxd4 32. Bxc4+ Rxc4 33. R1xc4 bxc4 0-1

[Event "SVK-chT2B 1415"]
[Site "Slovakia"]
[Date "2015.03.08"]
[Round "11.1"]
[White "Obona, Jan"]
[Black "Vass, Frantisek"]
[Result "0-1"]
[WhiteElo "2166"]
[BlackElo "2280"]
[PlyCount "72"]
[EventDate "2014.10.11"]
[EventType "team-tourn"]
[EventRounds "11"]
[EventCountry "SVK"]
[SourceTitle "EXT 2019"]
[Source "ChessBase"]
[SourceDate "2018.10.10"]
[SourceVersion "1"]
[SourceVersionDate "2018.10.10"]
[SourceQuality "1"]
[WhiteTeam "Povazska Bystrica SKS II"]
[BlackTeam "Podhajska Termal"]
[WhiteTeamCountry "SVK"]
[BlackTeamCountry "SVK"]

1. Nf3 d5 2. c4 e6 3. g3 Nf6 4. Bg2 Be7 5. 0-0 0-0 6. b3 b6 7. Bb2 Bb7 8. d3 c5 9. e3 Nc6 10. Qe2 Qc7 11. Nc3 a6 12. Rfe1 Rfd8 13. cxd5 exd5 14. d4 h6 15. Rac1 Bc8 16. Ne5 Bf5 17. Nxc6 Qxc6 18. dxc5 bxc5 19. Na4 Ne4 20. f3 Ng5 21. g4 Bh7 22. Nxc5 Bxc5 23. b4 Qa4 24. bxc5 Qxa2 25. Bd4 Qa4 26. Ra1 Qc6 27. Bf1 a5 28. Kg2 Qc7 29. Rec1 Rdb8 30. Qd2 Qxh2+ 31. Kxh2 Nxf3+ 32. Kg2 Nxd2 33. c6 Rc8 34. c7 Nxf1 35. Rxf1 Rxc7 36. Ra3 a4 0-1